[Event "AUTO-INT-3027"]
[Site "http://www.queenalice.com/game.php?id=1372884"]
[Date "2015.7.23"]
[Round "1"]
[White "joseluisgrilo"]
[Black "stride"]
[Result "1-0"]
[WhiteElo "1643"]
[BlackElo "1448"]

1. e4 Nf6 2. Nc3 d5 3. e5 Ne4 4. Nxe4 dxe4 5. d3 f5 6. Bf4 Be6 7. dxe4 fxe4 8.
Qxd8+ Kxd8 9. O-O-O+ Nd7 10. b3 Bg4 11. Rd2 e6 12. f3 Ba3+ 13. Kd1 Rf8 14. Bg5+
Kc8 15. h3 Rf5 16. Be3 Bh5 17. g4 Rxf3 18. Nxf3 exf3 19. gxh5 g6 20. hxg6 hxg6
21. Rg1 Nf8 22. Bf2 a5 23. Bh4 Bb4 24. Rd8# 1-0

[Event "AUTO-INT-3027"]
[Site "http://www.queenalice.com/game.php?id=1372895"]
[Date "2015.7.23"]
[Round "1"]
[White "joseluisgrilo"]
[Black "spkveidt"]
[Result "1-0"]
[WhiteElo "1690"]
[BlackElo "1547"]

1. g3 e5 2. Bg2 Nf6 3. e4 c6 4. Nf3 d6 5. O-O Nxe4 6. d3 Nf6 7. Nc3 d5 8. Nxe5
Bd6 9. Bf4 O-O 10. Bf3 Bf5 11. a3 Re8 12. d4 b6 13. b4 Nbd7 14. Re1 Qc7 15. Qd2
Nxe5 16. dxe5 Bxe5 17. Rad1 Ne4 18. Nxe4 Bxf4 19. gxf4 dxe4 20. Bg2 Rad8 21. Qc1
c5 22. Rxd8 Qxd8 23. bxc5 bxc5 24. Rd1 Qa8 25. c4 Rd8 26. Re1 Rd4 27. f3 Qe8 28.
Qc2 exf3 29. Rxe8# 1-0

[Event "AUTO-INT-3027"]
[Site "http://www.queenalice.com/game.php?id=1372896"]
[Date "2015.7.23"]
[Round "1"]
[White "spkveidt"]
[Black "joseluisgrilo"]
[Result "0-1"]
[WhiteElo "1558"]
[BlackElo "1693"]

1. e4 e5 2. Nf3 d6 3. c3 a6 4. d4 f6 5. Bc4 Nc6 6. Qa4 Bd7 7. Kf1 b5 8. Qb3 bxc4
9. Qxc4 Na5 10. Qd5 Bb5+ 11. Ke1 Ne7 12. Qxa8 Qxa8 13. Nbd2 Ng6 14. b3 Be7 15.
c4 Bd7 16. h3 O-O 17. Ke2 Nf4+ 18. Kf1 exd4 19. g3 Bxh3+ 20. Kg1 Ne2+ 21. Kh2
Nxc1 22. Raxc1 Bg4 23. Rhe1 Bxf3 24. Nxf3 f5 25. Nxd4 fxe4 26. b4 Rxf2+ 27. Kg1
e3 0-1

[Event "Challenge"]
[Site "http://www.queenalice.com/game.php?id=1380055"]
[Date "2015.8.28"]
[Round "-"]
[White "tucuman"]
[Black "joseluisgrilo"]
[Result "0-1"]
[WhiteElo "1722"]
[BlackElo "1768"]

1. e4 e5 2. Bc4 Nf6 3. d3 Bc5 4. Nf3 d5 5. exd5 e4 6. Ne5 Nxd5 7. Qf3 exf3 8.
Nxf3 O-O 9. O-O Bg4 10. Nfd2 Re8 11. Nb3 h6 12. Nxc5 Be2 13. Re1 Bh5 14. Bd2
Rxe1+ 15. Bxe1 Qe7 16. Ne4 Nb4 17. Na3 N8c6 18. Bxb4 Qxb4 19. Rb1 Bg6 20. h3 Na5
21. Nc3 Nxc4 22. dxc4 a5 23. Nd5 Qc5 24. Ne3 c6 25. c3 Bxb1 26. Nxb1 b5 27. cxb5
Qxb5 28. b3 Qd3 0-1

[Event "Challenge"]
[Site "http://www.queenalice.com/game.php?id=1380681"]
[Date "2015.9.1"]
[Round "-"]
[White "joseluisgrilo"]
[Black "digger"]
[Result "1-0"]
[WhiteElo "1802"]
[BlackElo "1537"]

1. e4 e5 2. Nf3 d6 3. Bc4 Nc6 4. O-O Bg4 5. h3 Bd7 6. d4 exd4 7. Nxd4 Ne5 8. Be2
c5 9. Nf3 Nxf3+ 10. Bxf3 Qh4 11. Bg4 Bxg4 12. Qxg4 Qf6 13. Nd2 Nh6 14. Qe2 Be7
15. Qb5+ Kf8 16. Qxb7 Re8 17. Qxa7 g5 18. Qa3 Kg7 19. Nf3 Qg6 20. Qd3 Rhf8 21.
g4 Bd8 22. Re1 Re6 23. Nh2 Bc7 24. Nf3 f6 25. e5 Qxd3 26. cxd3 fxe5 27. Kg2 Kg6
28. Nxg5 Ref6 29. Be3 Bb6 30. Re2 d5 31. Bd2 c4 32. Rf1 Ng8 33. Rxe5 Rxf2+ 34.
Rxf2 Rxf2+ 35. Kg3 Rxd2 36. Re6+ Kxg5 37. h4# 1-0

[Event "Challenge"]
[Site "http://www.queenalice.com/game.php?id=1380682"]
[Date "2015.9.1"]
[Round "-"]
[White "digger"]
[Black "joseluisgrilo"]
[Result "0-1"]
[WhiteElo "1534"]
[BlackElo "1797"]

1. d4 d5 2. Nf3 h6 3. Bf4 Nc6 4. c3 Nf6 5. Qa4 Bd7 6. Qb3 b6 7. Nfd2 a5 8. a4 e6
9. Be3 Bd6 10. Nf3 O-O 11. g3 e5 12. dxe5 Bxe5 13. Nxe5 Nxe5 14. f4 Nc4 15. Bd4
c5 16. Bf2 Bc6 17. e3 d4 18. Rg1 Nxe3 19. Bxe3 dxe3 20. Rg2 Bxg2 21. Bxg2 Rb8
22. c4 Re8 23. Bf3 Re7 24. g4 Qd4 25. Qc3 Rd8 26. Ke2 Qd1# 0-1

[Event "Challenge"]
[Site "http://www.queenalice.com/game.php?id=1383931"]
[Date "2015.9.18"]
[Round "-"]
[White "joseluisgrilo"]
[Black "JORAM2205"]
[Result "1-0"]
[WhiteElo "1807"]
[BlackElo "1787"]

1. g3 e5 2. Bg2 Nf6 3. e4 Nc6 4. c3 Bc5 5. Ne2 d6 6. h3 Be6 7. O-O O-O 8. d4 Bb6
9. d5 Bd7 10. dxc6 Bxc6 11. Nd2 Bb5 12. c4 Bc6 13. b4 a5 14. b5 Bd7 15. Ba3 Qe7
16. Kh2 c6 17. Nc3 Bd4 18. Rc1 Qe6 19. Bb2 c5 20. a4 Ne8 21. f4 Qe7 22. f5 Qf6
23. Nd5 Qg5 24. Bxd4 cxd4 25. Nf3 Qd8 26. c5 Rc8 27. Nb6 Rc7 28. Nxd7 Qxd7 29.
Ng5 dxc5 30. Nf3 b6 31. Nxe5 Qd6 32. Nc4 Qd8 33. e5 f6 34. e6 Re7 35. Qf3 Nc7
36. Qc6 Nd5 37. Bxd5 g6 38. Nxb6 Kg7 39. Qxc5 Rc7 40. Qxd4 Qd6 41. Rxc7+ Kh6 42.
Qh4# 1-0

[Event "AUTO-INT-3022"]
[Site "http://www.queenalice.com/game.php?id=1393479"]
[Date "2015.11.10"]
[Round "2"]
[White "joseluisgrilo"]
[Black "altair"]
[Result "1-0"]
[WhiteElo "1797"]
[BlackElo "1784"]

1. e4 e5 2. Nf3 d6 3. Nc3 a6 4. Bc4 h6 5. O-O Nf6 6. d4 b5 7. Bd5 c6 8. Bb3 a5
9. a3 Ba6 10. Re1 exd4 11. Qxd4 c5 12. Qd1 b4 13. Nd5 Be7 14. Nxf6+ Bxf6 15. Bd5
Ra7 16. axb4 cxb4 17. Be3 Re7 18. Rb1 Nd7 19. Bf4 Nc5 20. Bc6+ Kf8 21. Bxd6 Ne6
22. Bxe7+ Qxe7 23. e5 Bg5 24. Qd6 g6 25. Qxe7+ Kxe7 26. Rbd1 Rc8 27. Rd7+ Kf8
28. Ba4 Nc5 29. Ra7 Nxa4 30. Rxa6 Bd8 31. e6 Nxb2 32. exf7 Kxf7 33. Ne5+ Kg7 34.
Rc6 Rxc6 35. Nxc6 Bb6 36. Kf1 g5 37. Re6 Nc4 38. Ne5 Nxe5 39. Rxb6 Nc4 40. Rc6
Na3 41. Ke2 Nb5 42. Kd3 a4 43. Kc4 a3 44. Kxb5 a2 45. Ra6 b3 46. cxb3 h5 47.
Rxa2 1-0

[Event "AUTO-INT-3022"]
[Site "http://www.queenalice.com/game.php?id=1393480"]
[Date "2015.11.10"]
[Round "2"]
[White "altair"]
[Black "joseluisgrilo"]
[Result "0-1"]
[WhiteElo "1790"]
[BlackElo "1812"]

1. e4 b6 2. d4 d5 3. e5 e6 4. a3 Nc6 5. Nf3 Be7 6. g3 Bb7 7. Bg2 f6 8. b4 Ba6 9.
Nc3 Bc4 10. Nd2 Nxd4 11. Nxc4 dxc4 12. Bxa8 Qxa8 13. Qxd4 Qxh1+ 14. Ke2 Qc6 15.
b5 Qc5 16. Qg4 Qxe5+ 17. Kd2 Qg5+ 18. Qxg5 fxg5 19. Ke1 Bf6 20. Bb2 Ne7 21. Rb1
Kd8 22. Nd1 Nf5 23. c3 Kc8 24. g4 Nh6 25. f3 e5 26. Ne3 Nf7 27. Nxc4 Re8 28. Kf2
Nh6 29. Ne3 e4 30. Re1 exf3 31. Kxf3 Nf7 32. Re2 Ne5+ 33. Kf2 Nd3+ 34. Kg3 Nxb2
35. Rxb2 Rxe3+ 36. Kf2 Rxc3 37. a4 Rc4 38. Ra2 Rxg4 39. h3 Rf4+ 40. Kg3 Be5 41.
Kg2 g4 42. hxg4 Rxg4+ 43. Kf3 h5 44. a5 Kb7 45. Re2 Rg5 46. a6+ Kc8 47. Ke4 Bf6
48. Kf3 Re5 49. Re3 Rxe3+ 0-1

[Event "Challenge"]
[Site "http://www.queenalice.com/game.php?id=1395869"]
[Date "2015.11.24"]
[Round "-"]
[White "joseluisgrilo"]
[Black "Danado"]
[Result "1-0"]
[WhiteElo "1778"]
[BlackElo "1632"]

1. e4 e5 2. Nf3 d6 3. d4 Bg4 4. Be2 Bxf3 5. Bxf3 h6 6. O-O Nc6 7. d5 Nd4 8. Bh5
Nf6 9. c3 Nb5 10. Be2 a6 11. Nd2 c6 12. c4 Nc7 13. Bf3 cxd5 14. exd5 b5 15. b3
bxc4 16. bxc4 a5 17. h3 Na6 18. Qa4+ Ke7 19. Ba3 Nd7 20. Qc6 Qc8 21. Bxd6+ Kd8
22. Bxf8 Rxf8 23. Qxc8+ Rxc8 24. Rfe1 Nb4 25. Rec1 Nd3 26. Rc3 N3c5 27. Nb3 a4
28. Nxc5 Rxc5 29. Be2 f6 30. Rb1 Ke7 31. Rb4 Ra8 32. Bf3 Ra7 33. Ra3 Rca5 34.
Bd1 R7a6 35. Rbxa4 Rxa4 36. Rxa4 Rxa4 37. Bxa4 Nb6 38. Bb3 Nd7 39. a4 Nc5 40.
Bc2 Kd7 41. Kf1 Kc7 42. Ke2 Kb6 43. Ke3 Ka5 44. g4 Kb4 45. Bd3 Kxa4 46. d6 Ne6
47. Ke4 Kb4 48. Kd5 Nd8 49. c5 Ka5 50. c6 Kb6 51. c7 1-0

[Event "Challenge"]
[Site "http://www.queenalice.com/game.php?id=1395871"]
[Date "2015.11.24"]
[Round "-"]
[White "Danado"]
[Black "joseluisgrilo"]
[Result "0-1"]
[WhiteElo "1603"]
[BlackElo "1788"]

1. e4 e5 2. Nf3 Bd6 3. h4 Nf6 4. d3 O-O 5. Bg5 h6 6. Bxf6 Qxf6 7. a3 b6 8. Nc3
Bc5 9. Nb5 Qc6 10. Nc3 d6 11. d4 Bxd4 12. Nxd4 exd4 13. Qxd4 Re8 14. Qd5 Be6 15.
Qxc6 Nxc6 16. Bb5 Nd4 17. Bxe8 Nxc2+ 18. Kd1 Nxa1 19. Ba4 Bb3+ 20. Bxb3 Nxb3 21.
Nd5 c5 22. Re1 f6 23. f4 Re8 24. f5 Na5 25. Nc7 Re5 26. Nb5 Re7 27. Nxd6 Rd7 28.
e5 fxe5 29. Kc2 Rxd6 30. Rxe5 Nc4 31. Re7 a5 32. Kc3 Rd4 33. Re6 Rxh4 34. f6
gxf6 35. Rxf6 Kg7 36. Rf1 Nd6 37. Rd1 Nb5+ 38. Kc2 Nd4+ 39. Kc3 Rg4 40. b4 axb4+
41. axb4 Nb5+ 42. Kb3 Rxb4+ 43. Kc2 Nd4+ 44. Kc3 Kg6 45. Re1 h5 46. Re8 Kg5 47.
Re5+ Kg4 48. Re4+ Kg3 49. Re5 h4 50. Rg5+ Kf4 51. Rg8 Ne2+ 52. Kd3 Ng3 53. Rf8+
Nf5 54. Rf7 Kg4 55. Ke2 Rb3 56. Kf2 c4 57. Rg7+ Nxg7 0-1

[Event "Desafio de Navidad"]
[Site "http://www.queenalice.com/game.php?id=1399053"]
[Date "2015.12.16"]
[Round "-"]
[White "joseluisgrilo"]
[Black "carpielo"]
[Result "0-1"]
[WhiteElo "1859"]
[BlackElo "1643"]

1. e4 e5 2. Nf3 Bd6 3. d4 Qf6 4. d5 h6 5. Be2 c6 6. c4 Ne7 7. O-O Na6 8. Nc3 Nc5
9. b4 O-O 10. bxc5 Bxc5 11. a3 cxd5 12. Nxd5 Nxd5 13. cxd5 d6 14. h3 Qg6 15. Nh4
Qxe4 16. Nf3 g5 17. Nh2 Bd4 18. Bf3 Qg6 19. Rb1 Qxb1 20. Qd2 Qb5 21. Ng4 Bxg4
22. hxg4 f5 23. Qc2 fxg4 24. Qg6+ Kh8 25. Qxh6+ Kg8 26. Qxg5+ Kh8 27. Qh5+ Kg8
28. Qxg4+ Kh8 29. Qh5+ Kg8 30. Qg6+ Kh8 31. Be4 Qd7 32. Qh6+ Kg8 33. Qe6+ Qxe6
34. dxe6 Rae8 35. Bd5 Kg7 36. a4 e4 37. Bf4 Rxf4 38. g3 Rf5 39. Bxe4 Re5 40.
Bxb7 R8xe6 41. Kg2 Re1 42. Ba6 Rxf1 43. Kxf1 Bb6 44. f3 d5 45. Be2 Re3 46. g4 d4
47. Kf2 d3 48. Bd1 d2 0-1

[Event "Challenge"]
[Site "http://www.queenalice.com/game.php?id=1406059"]
[Date "2016.1.25"]
[Round "-"]
[White "joseluisgrilo"]
[Black "digger"]
[Result "1-0"]
[WhiteElo "1853"]
[BlackElo "1607"]

1. g3 d5 2. Bg2 e5 3. d4 e4 4. e3 Nf6 5. f3 exf3 6. Nxf3 c6 7. O-O Ng4 8. Ne5
Nxe5 9. dxe5 Be6 10. Bd2 Qg5 11. e4 Qxe5 12. Nc3 d4 13. Bf4 Qc5 14. Na4 Qb4 15.
c3 dxc3 16. bxc3 Qb5 17. Be3 Bc4 18. Rf5 c5 19. Rxc5 Qa6 20. Rc7 Be6 21. e5 Nc6
22. Bf1 Qa5 23. Rxb7 Nxe5 24. Bb5+ Qxb5 25. Rxb5 Nd7 26. Rb7 a5 27. Qf3 f6 28.
Rxd7 Rc8 29. Ra7 Rd8 30. Ra8 Be7 31. Rxa5 O-O 32. Bc5 Bxc5+ 33. Nxc5 Bd5 34. Ne4
Bc6 35. Qf4 Rfe8 36. Re1 Kh8 37. Kf1 Bd5 38. Nxf6 Rxe1+ 39. Kxe1 Be6 40. c4 Rc8
41. c5 Rf8 42. Qe4 Rxf6 43. c6 g6 44. Qe5 Kg7 45. Ra7+ Bf7 46. c7 h5 47. c8=Q h4
48. Ra8 1-0

[Event "Challenge"]
[Site "http://www.queenalice.com/game.php?id=1406060"]
[Date "2016.1.25"]
[Round "-"]
[White "digger"]
[Black "joseluisgrilo"]
[Result "0-1"]
[WhiteElo "1664"]
[BlackElo "1827"]

1. e4 e5 2. d4 Bd6 3. d5 Nf6 4. Nc3 O-O 5. Bg5 h6 6. Be3 b6 7. Nb5 Nxe4 8. Qf3
f5 9. Bd3 Nf6 10. Nxd6 cxd6 11. Bxf5 e4 12. Qd1 Qe7 13. Bf4 Na6 14. c4 Nc5 15.
Rb1 Nd3+ 16. Kf1 Nxf4 17. Ne2 Qe5 18. Nxf4 Qxf4 19. Bh3 Ng4 20. f3 Ne3+ 21. Ke2
Nxc4 22. Bg4 Qe3+ 23. Kf1 Nd2+ 0-1

[Event "Challenge"]
[Site "http://www.queenalice.com/game.php?id=1407356"]
[Date "2016.2.2"]
[Round "-"]
[White "tucuman"]
[Black "joseluisgrilo"]
[Result "0-1"]
[WhiteElo "1685"]
[BlackElo "1836"]

1. e4 e5 2. Bc4 Nf6 3. d3 h6 4. Nf3 Bd6 5. a3 c5 6. h3 a6 7. Bd2 b5 8. Ba2 O-O
9. Nc3 Bb7 10. Nh2 b4 11. axb4 cxb4 12. Ne2 Nc6 13. O-O Bc5 14. c3 a5 15. cxb4
axb4 16. Bb3 d5 17. Rxa8 Bxa8 18. exd5 Nd4 19. Nxd4 exd4 20. Ng4 Nxd5 21. Nxh6+
Kh8 22. Nf5 Qf6 23. Ng3 Qg6 24. Ne4 Be7 25. Qe2 Nf6 26. f3 Bc6 27. Qf2 Nxe4 28.
dxe4 f5 29. Qxd4 fxe4 30. Bd5 exf3 31. Bxc6 Qxg2# 0-1

[Event "Challenge"]
[Site "http://www.queenalice.com/game.php?id=1407357"]
[Date "2016.2.2"]
[Round "-"]
[White "joseluisgrilo"]
[Black "tucuman"]
[Result "1-0"]
[WhiteElo "1846"]
[BlackElo "1624"]

1. e4 e5 2. Nf3 d6 3. Bc4 h6 4. O-O a6 5. h3 Nf6 6. Nc3 Be7 7. d4 exd4 8. Nxd4
O-O 9. Bf4 Nc6 10. a3 Nxd4 11. Qxd4 c5 12. Qd1 Bd7 13. Bxd6 Bxd6 14. Qxd6 Re8
15. f3 Bc6 16. Qxc5 Rc8 17. Qe3 Nh7 18. Qf4 Qf6 19. Qe3 Qd6 20. Rfd1 Qf6 21.
Rab1 b5 22. Ba2 Ng5 23. f4 Ne6 24. f5 Ng5 25. Rd4 Rcd8 26. Rbd1 Rxd4 27. Rxd4 g6
28. h4 Nh7 29. Qxh6 Qg7 30. Qxg7+ Kxg7 31. Rd6 Rc8 32. fxg6 fxg6 33. e5 Re8 34.
Rxc6 Re7 35. e6 Nf6 36. Rxa6 Ne8 37. Nd5 Rb7 38. b4 Nf6 39. Rd6 Ne8 40. Rd7+
Rxd7 41. exd7 1-0

[Event "Challenge"]
[Site "http://www.queenalice.com/game.php?id=1450260"]
[Date "2016.11.14"]
[Round "-"]
[White "joseluisgrilo"]
[Black "tucuman"]
[Result "1-0"]
[WhiteElo "1849"]
[BlackElo "1745"]

1. e4 e5 2. d3 d6 3. Nc3 Nf6 4. Nf3 Nc6 5. h3 h6 6. a3 a6 7. Be2 Be6 8. O-O Be7
9. d4 exd4 10. Nxd4 Nxd4 11. Qxd4 O-O 12. Nd5 Nxd5 13. exd5 Bf6 14. Qd3 Bd7 15.
c4 c5 16. b4 Bxa1 17. Bxh6 Bf6 18. Bf4 Be8 19. Qg3 Qe7 20. Re1 Be5 21. Bxe5 dxe5
22. Bd3 f6 23. Re4 Bh5 24. Rh4 Qf7 25. Bf5 Rfe8 26. Be6 Rxe6 27. dxe6 Qe8 28. f4
exf4 29. Qxf4 Qxe6 30. Rxh5 cxb4 31. Qh4 Kf7 32. axb4 Rd8 33. c5 Rd1+ 34. Kh2 b6
35. Qf2 bxc5 36. bxc5 Qc6 37. Qf3 Qc7+ 38. g3 Rd2+ 39. Kg1 Qe7 40. Kf1 Qd7 41.
g4 Qb5+ 42. Ke1 Ra2 43. Qd5+ Kg6 44. Qxa2 Qb4+ 45. Kd1 Qd4+ 46. Qd2 Qxc5 47.
Rxc5 1-0

[Event "Challenge"]
[Site "http://www.queenalice.com/game.php?id=1450261"]
[Date "2016.11.14"]
[Round "-"]
[White "tucuman"]
[Black "joseluisgrilo"]
[Result "0-1"]
[WhiteElo "1793"]
[BlackElo "1835"]

1. e4 e5 2. Nf3 d6 3. h3 Nc6 4. c4 a6 5. Nc3 Nf6 6. d3 h6 7. a3 Be6 8. Be2 Be7
9. O-O O-O 10. Bd2 Nd4 11. Nxd4 exd4 12. Nd5 c5 13. b4 Nxd5 14. cxd5 Bc8 15. Bg4
f5 16. exf5 Bxf5 17. Bxf5 Rxf5 18. Qg4 Rf6 19. f4 Qe8 20. f5 Qf7 21. bxc5 dxc5
22. a4 Qxd5 23. Rab1 Bd6 24. Rb6 Raf8 25. Kh1 Rxf5 26. Rbb1 Rxf1+ 27. Rxf1 Rxf1#
0-1

[Event "Challenge"]
[Site "http://www.queenalice.com/game.php?id=1452032"]
[Date "2016.11.26"]
[Round "-"]
[White "joseluisgrilo"]
[Black "Wolle"]
[Result "0-1"]
[WhiteElo "1861"]
[BlackElo "1815"]

1. e4 e5 2. Nf3 Nc6 3. d4 d6 4. h3 f5 5. exf5 Bxf5 6. Bd3 Qf6 7. Bxf5 Qxf5 8.
Qe2 O-O-O 9. O-O Nf6 10. Nh4 Nxd4 11. Nxf5 Nxe2+ 12. Kh1 e4 13. Be3 d5 14. c3 g6
15. Nd4 Nxd4 16. cxd4 Bb4 17. a3 Bd6 18. Nd2 h5 19. b4 Rdg8 20. f3 exf3 21. Nxf3
Ne4 22. Kg1 g5 23. Ne5 Bxe5 24. dxe5 g4 25. h4 g3 26. Rac1 Re8 27. Bd4 Kb8 28.
Rf7 c6 29. e6 Rhg8 30. e7 Nd2 31. Re1 Nc4 32. a4 Nd6 33. Rh7 Nf5 34. Bf6 Rg6 35.
Bg5 d4 36. Rf7 Nd6 37. Rf6 Rxf6 38. Bxf6 Kc8 39. Bxd4 b6 40. a5 Nf5 41. Bf6 Kd7
42. axb6 axb6 43. Re5 Nxe7 44. Kf1 Rf8 45. Rxe7+ Kd6 46. Rh7 Rxf6+ 47. Ke2 Rf2+
48. Ke1 Rf4 49. Rh6+ Kd5 50. Rxh5+ Kc4 51. Rg5 Rxh4 52. Rxg3 Kxb4 53. Rg6 Rc4
54. Rf6 b5 55. g3 c5 56. Rf4 Kc3 0-1